| 000 | 01116nam a2200253Ia 4500 | ||
|---|---|---|---|
| 999 |
_c4264 _d4264 |
||
| 003 | OSt | ||
| 005 | 20200505171330.0 | ||
| 008 | 191128s2013 ck a br 000 j spa d | ||
| 020 | _a9789584504661 | ||
| 040 |
_aCO-JMCR _cCO-JMCR |
||
| 041 | 0 | _aspa | |
| 082 |
_aC / _bMASa |
||
| 100 |
_aMasini, Beatrice, _eautora _93952 |
||
| 245 | 1 | 2 |
_aA pescar pensamientos / _cBeatrice Masini ; iluistraciones Lucia Salemi ; traducción Fedry Ordóñez |
| 250 | _aPrimera edición | ||
| 260 |
_aBogotá : _bNorma, _c2003 |
||
| 300 |
_a85 páginas : _bilustraciones a color ; _c19 cm |
||
| 490 | 0 | _aTorre de papel naraja | |
| 500 | _aRecomendado a partir de los 3 años. | ||
| 505 | _aEl cielo -- Las cosas para comer -- Las cosas que vuelvan -- Las cosas para pescar -- La piedra bajo la almohada | ||
| 520 | _aEs maravilloso tener un abuelo. Así piensa el niño protagonista de este libro. Él y su abuelo son vecinos y pasan mucho tiempo juntos. El niño reflexiona y pregunta sobre los misterios de la vida, y el abuelo le responde contándole historias. | ||
| 650 |
_aCuentos infantiles _93953 |
||
| 942 |
_2ddc _cBK |
||